000 00823nam a2200253Ia 4500
003 OSt
005 20220926021513.0
006 a|||||r|||| 00| 0
007 ta
008 220923b |||||||| |||| 00| 0 eng d
037 _cGeneral Book
040 _aRTL
_cRTL
_beng
041 _2eng
_aeng
082 _a24(X9(K33))g, L6
110 _aUnited Nations Industrial Development Organizaiton
_9326303
245 0 _aInformaiton sources on the meat processing industr
260 _aNew York
_bUnited Naitons USA
_c1976
300 _axii, 88p. Bib p. 86-88
_ccm.
490 _aits gudies to informaiton sources ,1
650 _aLibrary Sicence
_9231926
700 _aUnited Nations Industrial Development Organizaiton
_9326304
942 _h24(X9(K33))g, L6
_cGB
_2CC
999 _c636957
_d636957